Building schools for the future (Record no. 117021)

MARC details
000 -LEADER
fixed length control field 00919cam a2200205 4500
001 - CONTROL NUMBER
control field WB4006-02
008 - FIXED-LENGTH DATA ELEMENTS--GENERAL INFORMATION
fixed length control field 040212n2004 000 0 eng u
035 ## - SYSTEM CONTROL NUMBER
System control number (Sirsi) u125137
245 ## - TITLE STATEMENT
Title Building schools for the future
260 ## - PUBLICATION, DISTRIBUTION, ETC.
Date of publication, distribution, etc. 2004
490 ## - SERIES STATEMENT
Series statement DfES Press Notice
Volume/sequential designation (2004/0025) 12 February 2004 (3)
520 ## - SUMMARY, ETC.
Summary, etc. The government has unveiled 14 local education authority projects to spearhead the Building Schools for the Future programme, which aims to rebuild or refurbish every secondary school in England. Around 180 schools across the country will share £2.2bn capital investment, in the first part of the programme commencing in 2005-06. http://www.dfes.gov.uk/pns/DisplayPN.cgi?pn_id=200 4_0025
590 ## - LOCAL NOTE (RLIN)
Local note WB
590 ## - LOCAL NOTE (RLIN)
Local note WB
650 ## - SUBJECT ADDED ENTRY--TOPICAL TERM
Topical term or geographic name entry element SCHOOL BUILDINGS
650 ## - SUBJECT ADDED ENTRY--TOPICAL TERM
Topical term or geographic name entry element EDUCATION AUTHORITIES
650 ## - SUBJECT ADDED ENTRY--TOPICAL TERM
Topical term or geographic name entry element CAPITAL INVESTMENT
690 ## - LOCAL SUBJECT ADDED ENTRY--TOPICAL TERM (OCLC, RLIN)
Topical term or geographic name as entry element BUILDING AND CONSTRUCTION-PROJECTS
942 ## - ADDED ENTRY ELEMENTS (KOHA)
Suppress in OPAC 0
Holdings
Withdrawn status Lost status Source of classification or shelving scheme Damaged status Not for loan Home library Current library Shelving location Date acquired Total Checkouts Full call number Barcode Date last seen Copy number Price effective from Koha item type
    Dewey Decimal Classification     London London News article 12/02/2004   WB4006-02 125137-1001 06/08/2019 1 06/08/2019 News article